000
00295nam a22001337a 4500
008
180301b xxu||||| |||| 00| 0 eng d
020
_a
0860781836
041
_a
eng
080
_a
941
100
_a
16
101
_a
HIS
245
_a
From Paracelsus to Van Helmont
_c
Pagel, W
942
_2
udc
_c
BK
999
_c
43883
_d
43883